| 000 | 02298cam a22005054i 4500 | ||
|---|---|---|---|
| 003 | PE-LiUPU | ||
| 005 | 20250731173319.0 | ||
| 008 | 150706s2008 sp a rb 000 0 spa d | ||
| 020 |
_a9788430116928 _q(obra completa) |
||
| 020 |
_a9788430116935 _q(volumen 1) |
||
| 035 | _a(Sirsi) i9788430116928 | ||
| 040 |
_aPE-LiUPU _bspa _cPE-LiUPU _erda |
||
| 049 | _aPRUA | ||
| 082 | 0 | 4 |
_a220.48086 _bL _221 |
| 130 |
_aBiblia. _pA.T. _pPentateuco. _d2008. _lEspañol. _sSeptuaginta. |
||
| 245 | 1 | 3 |
_aLa Biblia griega septuaginta / _cNatalio Fernández Marcos, María Victoria Spottorno Díaz-Caro (coordinadores) ; traductores Natalio Fernández Marcos, Mª Victoria Spottorno Díaz-Caro, José Manuel Cañas Reíllo . |
| 264 | 1 |
_aSalamanca : _bSígueme, _c2008. |
|
| 300 |
_a448 páginas : _bilustraciones ; _c24 centímetros. |
||
| 336 |
_atext _2rdacontent |
||
| 337 |
_aunmediated _2rdamedia |
||
| 338 |
_avolume _2rdacarrier |
||
| 490 | 0 |
_aBiblioteca de estudios bíblicos ; _v125 |
|
| 504 | _aIncluye bibliografía. | ||
| 505 | 0 | _aLa Biblia griega -- Los orígenes de la Septuaginta -- La Septuaginta en la historia del texto bíblico -- Importancia de la Septuaginta -- Por qué traducir la Biblia griega -- Por qué traducir la Biblia griega al española -- Libro de génesis -- Libro de éxodo -- Libro de levítico -- Libro de los números -- Libro del Deuteronomio. | |
| 526 | _aSEG42 | ||
| 526 | _aSEG41 | ||
| 526 | _aSEG40 | ||
| 526 | _aSEG39 | ||
| 526 | _aP94 | ||
| 526 | _aP87 | ||
| 526 | _aP86 | ||
| 526 | _aP85 | ||
| 526 | _aP77 | ||
| 526 | _aP76 | ||
| 526 | _aP35 | ||
| 541 | _g007-0020801; | ||
| 630 |
_aBiblia. _pA.T. _pPentateuco. _d2008. _lEspañol. _sSeptuaginta. |
||
| 700 | 1 |
_aFernández Marcos, Natalio, _ecoord. |
|
| 910 |
_bjv _cng _d20100621 |
||
| 942 |
_2ddc _cBOOK |
||
| 949 |
_a220.48086 L _wDEWEY _c1 _i61909 _d2016-6-26 _e2016-6-26 _lCCODEBUL1 _mBUL _n3 _p40.00 _r0 _sY _tBOOK _u2015-7-6 _xTEOLOGIA _PP35 _0COMPRA _o.STAFF. Colección General |
||
| 994 |
_aC0 _bPEPRU |
||
| 596 | _a1 | ||
| 999 |
_a220.48086 L _wDEWEY _c46130 _i61909 _d46130 _e2021-4-15 _f2021-12-10 _g5 _lCCODEBUL1 _mBUL _n8 _p40.00 _q23 _r0 _sY _tBOOK _u2015-7-6 _xTEOLOGIA _PP35 _0COMPRA _o.STAFF. Colección Teología |
||
| 980 |
_81 _gALBERTO SANCHEZ Responsable de Automatización |
||